000 nam a22 7a 4500
999 _c10289
_d10289
008 180213b ||||| |||| 00| 0 eng d
100 _aKhanna, A C
_96250
245 _aEnglish Grammer.com - VI
260 _aNew Delhi
_bKohinoor Publication
_c2012